Le terrain hérédo-syphilitique (Record no. 81606)

MARC details
000 -LEADER
campo de control de longitud fija 00599nam a2200181 i 4500
001 - NÚMERO DE CONTROL
campo de control 81606
003 - IDENTIFICADOR DE NÚMERO DE CONTROL
campo de control ES-MaACL
005 - FECHA Y HORA DE LA ÚLTIMA TRANSACCIÓN
campo de control 20251015063106.0
007 - CAMPO FIJO DE DESCRIPCIÓN FÍSICA--INFORMACIÓN GENERAL
campo de control de longitud fija t|
008 - DATOS DE LONGITUD FIJA--INFORMACIÓN GENERAL
campo de control de longitud fija 041105s1926 fr ||||1| fre d
100 1# - ENTRADA PRINCIPAL--NOMBRE DE PERSONA
Nombre de persona Hutinel, Victor Henri,
Fechas asociadas al nombre 1849-1933
9 (RLIN) 64844
245 13 - MENCIÓN DEL TÍTULO
Título Le terrain hérédo-syphilitique
Resto del título : aperçu de pathologie générale et de clinique infantiles /
Mención de responsabilidad, etc. V. Hutinel.
260 ## - PUBLICACIÓN, DISTRIBUCIÓN, ETC.
Lugar de publicación, distribución, etc. Paris :
Nombre del editor, distribuidor, etc. Masson et Cie,
Fecha de publicación, distribución, etc. 1926 (
Lugar de fabricación/manufactura Laval :
Fabricante Barneoud)
300 ## - DESCRIPCIÓN FÍSICA
Extensión 455 p. ;
Dimensiones 24 cm.
650 #4 - PUNTO DE ACCESO ADICIONAL DE MATERIA--TÉRMINO DE MATERIA
Término de materia o nombre geográfico como elemento de entrada Sífilis congenita.
9 (RLIN) 148834
852 ## - LOCALIZACIÓN
Ubicación ES-MaACL
Número de control de estantería B-11063
Holdings
Estatus retirado Estado de pérdida Estado de daño No para préstamo Biblioteca de origen Biblioteca actual Ubicación en estantería Fecha de adquisición Fuente de adquisición Total de préstamos Signatura topográfica completa Código de barras Visto por última vez Precio de reemplazo Tipo de ítem Koha
        Biblioteca del Ateneo de Madrid Biblioteca del Ateneo de Madrid Sala Pardo Bazán 17/01/2008     B-11063 1085301 23/02/2023 23/02/2023 Libro impreso